|
|
|
|
| LEADER |
00000nam0a2200000 4500 |
| 001 |
280014 |
| 005 |
20231101235250.0 |
| 035 |
|
|
|a (RuTPU)RU\TPU\book\303323
|
| 090 |
|
|
|a 280014
|
| 100 |
|
|
|a 20141225d1986 km y0rusy50 ca
|
| 101 |
0 |
|
|a rus
|
| 102 |
|
|
|a RU
|
| 105 |
|
|
|a a z 000zy
|
| 200 |
1 |
|
|a Дизайн интерьера
|e альбом
|f М. Сумматавет
|g Союз художников СССР
|
| 210 |
|
|
|a Москва
|c Советский художник
|d 1986
|
| 215 |
|
|
|a 80 с.
|c ил.
|
| 606 |
1 |
|
|a Интерьеры зданий
|2 stltpush
|3 (RuTPU)RU\TPU\subj\12857
|9 39566
|
| 610 |
1 |
|
|a архитектура
|
| 610 |
1 |
|
|a архитектурный дизайн
|
| 610 |
1 |
|
|a выставочные залы
|
| 610 |
1 |
|
|a проектирование
|
| 610 |
1 |
|
|a промышленные здания
|
| 610 |
1 |
|
|a жилые объекты
|
| 610 |
1 |
|
|a мебель
|
| 610 |
1 |
|
|a светильники
|
| 675 |
|
|
|a 721.011.8
|v 4
|
| 700 |
|
1 |
|a Сумматавет
|b М.
|g Майт
|
| 712 |
0 |
2 |
|a Союз художников СССР
|2 stltpush
|3 (RuTPU)RU\TPU\col\17468
|9 26636
|
| 801 |
|
1 |
|a RU
|b 63413507
|c 20141225
|
| 801 |
|
2 |
|a RU
|b 63413507
|c 20190617
|g RCR
|
| 942 |
|
|
|c BK
|